Upcoming Disney + Pixar Movies - Statistics

General Stats
  • This quiz has been taken 44 times
  • The average score is 5 of 20
Answer Stats
Hint Answer % Correct
June 2026 Toy Story 5
60%
May 2025 Elio
57%
November 2027 Frozen III
57%
November 2025 Zootopia 2
57%
July 2026 Moana (live action)
50%
March 2026 Hoppers
40%
May 2025 Lilo & Stitch (Live Action)
37%
2029 Coco 2
33%
TBA Frozen IV
33%
TBA Incredibles 3
27%
August 2025 Freakier Friday
13%
TBA Bambi (live action)
7%
TBA Cruella 2
7%
TBA Encanto 2
7%
TBA Hercules (Live action)
7%
TBA Hocus Pocus 3
7%
TBA Hunchback of Notre Dame (live action)
7%
TBA Jungle Cruise 2
7%
TBA Maleficent 3
7%
TBA Pirates of the Caribbean 6
7%
No matching quizzes found
Score Distribution
Percent of People with Each Score
Percentile by Number Answered
Your Score History
You have not taken this quiz